| 000 | 00690aam a2200289 4500 | ||
|---|---|---|---|
| 005 | 20240319122304.0 | ||
| 008 | 150408b xxu||||| |||| 00| 0 spa d | ||
| 020 | _a9968312436 | ||
| 041 | _aESP | ||
| 082 | _a658.84 B837g | ||
| 100 | _aBrenes Bonilla, Lizette | ||
| 245 | _aGestión de comercialización | ||
| 260 | _aCosta Rica | ||
| 260 | _bEUNED | ||
| 260 | _c2002 | ||
| 300 | _a316 páginas | ||
| 650 | _aCOMERCIO ELECTRÓNICO | ||
| 650 | _aGLOBALIZACIÓN | ||
| 650 | _aGESTIÓN COMERCIAL | ||
| 650 | _aCOMERCIALIZACIÓN | ||
| 650 | _aVENTAS | ||
| 650 | _aCORREO PROMOCIONAL | ||
| 650 | _aBENCHMARKING | ||
| 650 | _aINTERNET | ||
| 942 |
_cBK _2ddc |
||
| 999 |
_c4341 _d4341 |
||